000 00683nam a2200253Ia 4500
003 OSt
005 20221006160759.0
006 a|||||r|||| 00| 0
007 ta
008 221006b |||||||| |||| 00| 0 eng d
020 _a9788982224461
_cW27,000
024 _a46,327
037 _cTextual
040 _aEASL
_cEASL
_beng
041 _2eng
_aeng
082 _aV495.N7, Q3;1
100 _aLEE Chong-Sik
_9336765
245 0 _aPark Chung-Hee
_b from poverty to power
260 _aSeoul
_bKyung Hee University Press Korea
_c2013
300 _a371p.
_ccm.
490 _v KEL
942 _hV495.N7, Q3;1
_cTEXL
_2CC
999 _c1114419
_d1114419